Architecture of Bratislava : 1980 - 2000. The Old Town District /

Salvato in:
Dettagli Bibliografici
Autore principale: Žalman, Peter, 1953- (Autore)
Natura: Libro
Lingua:inglese
Pubblicazione: Bratislava : Peter Žalman, 2000
Edizione:1. vydanie
Soggetti:
Tags: Aggiungi Tag
Nessun Tag, puoi essere il primo ad aggiungerne!!

MARC

LEADER 00000nam a22000003a 4500
001 0076725
003 SK-STU
005 20191021142616.8
007 ta
008 191021s ----xo-----e------000-0-----d
040 |a STU  |b slo 
041 0 |a eng 
044 |a xo 
100 1 |a Žalman, Peter,  |d 1953-  |4 aut  |X 339  |7 A000000339 
245 1 0 |a Architecture of Bratislava :  |b 1980 - 2000. The Old Town District /  |c aut. Peter Žalman 
250 |a 1. vydanie 
260 |a Bratislava :  |b Peter Žalman,  |c 2000 
300 |a 50 s. 
650 0 7 |a architektúra slovenská 
650 0 7 |a Bratislava - Staré Mesto 
996 |b 284AU08129  |c A* 11394/U  |l AAKNAR  |s A  |a 24  |w 0076725_0001